000 00469nam a2200157 a 4500
001 000028871
005 20200930055205.0
008 110412s2007 dr c 000 0 spa d
040 _aDO-SdBNP
_bspa
_cBNPHU
082 _aXXXX
_bH116
245 0 0 _aHabichuela "idiaf yaconin". /.
260 _aSanto Domingo, :
_bIDIAF,
_c2007.
300 _a8 p. :
_brestrs. ;
_c22 cm.
710 _aInstituto dominicano de investigaciones agropecuarias y forestales
_9299
049 _aBNPD
999 _c28363
_d28363